000 01069nam2a2200205 4500
001 RU\NLR\PER_A\002841230_000680
005 20250626095257.0
035 _a(NLR Aleph) 011596882
090 _a10866371
_c10866371
100 _a20180117d2016 |||y0rusy50 ca
101 0 _arus
102 _aRU
200 0 _a№ 31
210 _d2016
_aБ. м.
461 0 _1001RU\NLR\Per\579862
_12001#$aАнтропологический форум$fЕвроп. ун-т в С.-Петербурге, Музей антропологии и этнографии им. Петра Великого (Кунсткамера)$v№ 31
_92932613
_cСанкт-Петербург
_d2004 -
_fЕвроп. ун-т в С.-Петербурге, Музей антропологии и этнографии им. Петра Великого (Кунсткамера)
_nЕвропейский университет в Санкт-Петербурге
_tАнтропологический форум
_x1815-8870
_v№ 31
852 _aNLR
_jП22/8747
942 _cISSUE
980 _aNB
980 _aRUSPER